Islam: a comprehensive Guide Book (Record no. 8757)

MARC details
000 -LEADER
fixed length control field 00261nam a2200109 4500
082 ## - DEWEY DECIMAL CLASSIFICATION NUMBER
Classification number 297.01KHE
100 ## - MAIN ENTRY--AUTHOR NAME
Personal name Kherie, Altaf Ahmed
245 ## - TITLE STATEMENT
Title Islam: a comprehensive Guide Book
260 ## - PUBLICATION, DISTRIBUTION, ETC. (IMPRINT)
Place of publication Karachi:
Name of publisher Royal Book Company,
Year of publication 1993.
300 ## - PHYSICAL DESCRIPTION
Number of Pages 469p. ;
942 ## - ADDED ENTRY ELEMENTS (KOHA)
Koha item type Books
Holdings
Withdrawn status Lost status Home library Current library Date acquired Full call number Accession Number Koha item type
    Central Library, QUEST, Nawabshah Central Library, QUEST, Nawabshah 12/08/2014 297.01KHE 22496 Books
    Seminar Library, Mathematics & Statis. Seminar Library, Mathematics & Statis. 12/08/2014 297.01KHE 22497 Books